Countries of Europe that don't Border - Statistics

General Stats
  • This quiz has been taken 70 times
  • The average score is 6 of 8
Answer Stats
Question Answer % Correct
Country that doesn't border France Portugal
100%
Country that doesn't border Norway Denmark
90%
Country that doesn't border Germany Liechtenstein
90%
Country that doesn't border Ukraine Estonia
80%
Country that doesn't border Italy Germany
80%
Country that doesn't border Spain Italy
70%
Country that doesn't border Serbia Ukraine
70%
Country that doesn't border Poland Latvia
40%
No matching quizzes found
Score Distribution
Percent of People with Each Score
Percentile by Number Answered
Your Score History
You have not taken this quiz